[Event "9th Edmonton International"]
[Site "Edmonton"]
[Date "2014.06.29"]
[Round "9"]
[White "Pechenkin, Vladimir"]
[Black "Krush, Irina"]
[Result "1/2-1/2"]
[WhiteElo "2311"]
[BlackElo "2484"]
[PlyCount "79"]
[EventDate "2014.06.29"]
[EventType "tourn"]
[EventRounds "9"]
[EventCountry "CAN"]
[SourceDate "2013.09.08"]

1. c4 e6 2. g3 d5 3. Bg2 Nf6 4. Nf3 Be7 5. O-O O-O 6. d4 dxc4 {This time I was
unable to predict the opponent's opening choice and had to struggle a little.
Fortunately, it's one of those lines where White can hardly get a worse
position even in case of some inaccuracies.} 7. Qc2 a6 8. Qxc4 b5 9. Qc2 Bb7
10. Bd2 Be4 11. Qc1 Nc6 {Irina follows my game from 2012 that I actually
barely remembered.} 12. Be3 {The engine's first line.} ({The aforementioned
game continued} 12. e3 Nb4 13. Bxb4 Bxb4 14. a3 Be7 15. Nc3 Bb7 16. b4 {Here
Black made a grave positional error} Ne4 $2 {allowing} 17. Ne5 Nxc3 18. Qxc3
Bxg2 19. Kxg2 Bf6 20. Nc6 {with a dream position in the Catalan for White in
Pechenkin - R. Kaufman, 2012.}) 12... Rc8 13. Rd1 {White has taken care of the
d4-pawn, and now Black has to do something about his queen's bishop.} Na5 ({
Black may not be satisfied with} 13... Nb4 14. Nc3 Bb7 15. a3 Nbd5 16. Ne5 Nxc3
17. Qxc3 Bxg2 18. Kxg2 {which looks kind of similar to the line above.}) 14.
Nbd2 {White intends to keep the a5-knight at bay for as long as possible.} Bb7
({More accurate is} 14... Bd5 {making it hard for White to achieve} 15. a3 {in
view of} Nb3) 15. Ne5 {Here this thematic thrust doesn't produce the desired
effect.} ({The game Giri - Sanikidze, 2011, continued} 15. a3 {Due to the lack
of control of the b3-square Black was more or less obligated to go for} b4 16.
axb4 Bxb4 17. Ra4 Nd5 {and here White could have tried} 18. Qa1 $5 Nxe3 19.
fxe3 Nc6 20. Nc4 {increasing his grip on the dark squares.}) 15... Bxg2 16.
Kxg2 Qd5+ 17. Ndf3 {Otherwise, Black will achieve the freeing c7-c5.} Qb7 {
After this seemingly logical move Black begins experiencing some difficulties.}
({During the game I didn't like} 17... Ne4 {and it's indeed Black's best.
White has problems untangling his pieces.}) 18. Qc2 $1 {If Black doesn't do
something quickly, White will restore the coordination of his pieces and will
simply stand better. That's why Black opts for a thematic break:} c5 $1 19.
dxc5 Nd5 20. Bd4 {Correct.} ({After} 20. Rxd5 exd5 21. b4 Nc4 22. Bd4 {White
gets enough compensation for the exchange but he doesn't need to resort to
such drastic measures.}) 20... f6 {Otherwise, Black may not be able to win her
pawn back.} 21. Nd3 e5 22. e4 $1 {The only but sufficient continuation.} exd4
$2 {After this natural capture White obtains a large positional advantage.} ({
The computer strongly recommends} 22... Nb4 $5 23. Nxb4 exd4 {which may indeed
be the only way for Black to keep the position close to equality. After} 24.
Nd5 Bxc5 25. Rac1 Nc4 {the knight is back into play, and White may not have
anything special here.}) (22... Nc7 $2 {is simply bad in view of} 23. Bc3 $1
Nc6 24. b4) 23. exd5 Qxd5 24. b4 Nc6 ({During the game I was a little
concerned about} 24... g5 $5 {This move is indeed playable but White can
preserve the advantage by means of} 25. bxa5 g4 26. Rac1 gxf3+ 27. Kg1) (24...
Nc4 $2 {is no good as White wins a pawn immediately:} 25. Nf4 Qc6 26. Rxd4) 25.
Qb3 ({Another good plan is} 25. Nf4 Qf7 26. a3 {intending to win the d4-pawn
quickly. Black's best is} f5 {playing for tricks.}) 25... Qc4 26. Rdc1 Qf7 (
26... Qxb3 27. axb3 Ra8 {is an alternative. White doesn't have the a2-a4 lever
anymore but maintains strong pressure after} 28. Ra2 Ra7 29. Re1 Kf7 30. Rae2)
27. Qxf7+ Kxf7 28. a4 {I was tempted to immediately commence operations on the
queenside as Black faces a difficult choice.} Rb8 {Not best.} ({The computer
recommends} 28... Ra8 {For example,} 29. Ra3 Rfb8 30. axb5 axb5 31. Rca1 Rxa3
32. Rxa3 Ke6 33. Ra6 Kd7 {White maintains a very nice position but has got a
lot of work to do to get a full point.}) (28... bxa4 29. Rxa4 Ra8 {is worse as
White obtains a firm grip on the queenside:} 30. Nd2 Rfb8 31. Nc4 Rb5 32. Nb6
Ra7 33. Rca1 {Black can hardly move anything.}) 29. axb5 Rxb5 {The critical
moment of the game.} ({White would certainly like to see} 29... axb5 $2 30. Ra6
Rfc8 31. Rxc6 $1 Rxc6 32. Nfe5+ fxe5 33. Nxe5+ Kf8 34. Nxc6 {but it's too
cooperative.}) 30. Rc4 $2 ({I briefly considered the correct} 30. Rxa6 $1 Nxb4
31. Nxb4 Rxb4 32. c6 {but rejected it: the material remains equal, and Black's
passed pawn looks more dangerous than before. It was worth calculating further:
} d3 33. Ra7 Rb2 34. Rd7 $1 {the key maneuver that allows White to pick up the
opponent's d-pawn under more favorable circumstances than in the game} Rc8 35.
Rxd3 Rb6 36. Nd4 {The c-pawn promises White good winning chances.}) 30... a5 $1
{The queenside is going to be liquidated.} 31. bxa5 Rxa5 32. Rxa5 Nxa5 33. Rxd4
Rc8 34. Rd7 {Now Black wins the pawn back with a dead draw.} ({The best try is
} 34. Rb4 {keeping the pawn for now. After} Nc6 (34... Bxc5 $4 35. Rb5) 35. Rb3
{Black still needs to find a way to surround and win White's passer.}) 34...
Nb3 35. c6 Na5 ({The hurried} 35... Rxc6 $2 {allows} 36. Nfe5+ fxe5 37. Nxe5+
Ke6 38. Rxe7+ Kxe7 39. Nxc6+ {and White will torture the opponent for a while.}
) 36. Nf4 Nxc6 37. Nd5 Ke6 38. Nxe7 Kxd7 39. Nxc8 Kxc8 40. h4 1/2-1/2

[Event "9th Edmonton International"]
[Site "Edmonton"]
[Date "2014.06.29"]
[Round "9.1"]
[White "Ivanchuk, Vassily"]
[Black "Shankland, Samuel"]
[Result "1-0"]
[WhiteElo "2738"]
[BlackElo "2632"]
[PlyCount "69"]
[EventDate "2014.06.29"]
[EventType "tourn"]
[EventRounds "9"]
[EventCountry "CAN"]
[SourceDate "2013.09.08"]

1. d4 Nf6 2. c4 g6 3. Nf3 Bg7 4. g3 c5 5. Bg2 O-O 6. Nc3 cxd4 7. Nxd4 Qc7 8.
Qd3 Nc6 9. O-O d6 10. b3 Bd7 11. Bb2 Rfc8 12. Nc2 a6 13. Ne3 Qa5 14. Rfb1 Rab8
15. Ncd5 Nxd5 16. Nxd5 b5 17. Bxg7 Kxg7 18. b4 Qd8 19. c5 dxc5 20. bxc5 Be6 21.
Rd1 Bxd5 22. Qc3+ Kg8 23. Bxd5 Qc7 24. Rac1 Rd8 {White has the initiative but
Black's position looks fairly solid.} 25. h4 $5 {White intends to push this
pawn to h6 creating strong mating threats. Surprisingly, Black decided to
ignore it completely.} Rbc8 $6 (25... h5 {looks necessary. In this case White
has got a lot of work to do to get a full point.}) 26. h5 e6 $2 {After this
mistake Black's position suddenly collapses.} (26... gxh5 {is as ugly as it
looks but it's still the best way to deal with White's kingside threats.}) 27.
h6 Ne5 28. Bb7 $1 {Black may have missed this nice distraction. White would be
fully satisfied with just picking up the opponent's queenside pawns.} b4 ({
Also hopeless is} 28... Qxb7 29. Rxd8+ Rxd8 30. Qxe5 f6 31. Qxe6+ {etc.}) 29.
Qxb4 Rxd1+ 30. Rxd1 Rb8 31. c6 Nxc6 32. Qc3 $1 {The only but sufficient
winning move.} Qe5 33. Qxc6 Qxe2 34. Qd6 Rf8 35. Bxa6 1-0

[Event "2014 Over 1800"]
[Site "Edmonton"]
[Date "2014.08.31"]
[Round "4"]
[White "Sequillion, Aaron"]
[Black "Cheng, Louis"]
[Result "1/2-1/2"]
[WhiteElo "2184"]
[BlackElo "2093"]
[PlyCount "159"]
[EventDate "2014.08.30"]
[EventType "swiss"]
[EventRounds "5"]
[EventCountry "CAN"]
[SourceDate "2013.09.08"]

1. e4 c5 2. Nf3 d6 3. d4 cxd4 4. Nxd4 g6 5. Nc3 Bg7 6. Be3 Nf6 7. f3 Nc6 8. Bc4
O-O 9. Qd2 Qa5 10. O-O-O Nxd4 11. Bxd4 Be6 12. Bxe6 fxe6 13. h4 Nh5 14. Bxg7
Kxg7 15. Kb1 Qe5 16. Qg5 Qxg5 17. hxg5 Kg8 18. e5 d5 19. Nb5 Ng7 20. Nd4 Rac8
21. Rh3 Rf7 22. Rdh1 Nh5 23. Nxe6 Rf5 24. g4 Rxe5 25. gxh5 Rxe6 26. hxg6 Rxg6
27. Rxh7 Rc7 28. f4 d4 29. b3 a5 30. R1h5 Rd7 {White is totally winning as his
g-pawn should cost Black a rook soon.} 31. f5 $2 {A surprising blunder that
loses White's main trump for no good reason.} ({Instead, after} 31. Rh8+ Kf7
32. f5 Rg7 ({or} 32... Rg8 33. R5h7+ Kf8 34. g6 Rxh8 35. g7+ {with a checkmate}
) 33. g6+ Kf6 34. Rf8+ Ke5 35. f6+ {Black has to resign.}) 31... Rxg5 {Of
course!} 32. Rh8+ Kg7 33. Rxg5+ ({A better try is} 33. R5h7+ Kf6 34. Rf8+ Ke5
35. f6 {However, if Black finds} Ke6 36. Rff7 Rg8 $1 37. fxe7 Re8 $1 {he has
good chances to hold on.}) 33... Kxh8 34. Kc1 Rd5 35. Rg4 b5 36. Kd2 (36. Re4 {
was White's last chance to create problems for his opponent.}) 36... Rxf5 37.
Rxd4 Kg7 {Now the endgame is completely equal, and a draw was agreed on move
80.} 38. Rd7 Kf6 39. Ra7 b4 40. Kd3 Rc5 41. Kd4 Rh5 42. Ra6+ e6 43. c4 bxc3 44.
Kxc3 Rd5 45. a3 Kf5 46. Kc4 Ke5 47. Rb6 Kf5 48. a4 Ke5 49. Rb5 Kd6 50. Rb6+ Ke5
51. Ra6 Kf5 52. Ra7 Ke5 53. Rf7 Rd4+ 54. Kc5 Rb4 55. Ra7 Rxb3 56. Rxa5 Re3 57.
Kb6+ Kd6 58. Rb5 Rc3 59. a5 Rc6+ 60. Kb7 Rc7+ 61. Kb8 Re7 62. a6 Kc6 63. Rb7
Re8+ 64. Ka7 e5 65. Rb6+ Kc7 66. Rb7+ Kc6 67. Rb8 Re7+ 68. Rb7 Re8 69. Rb6+ Kc7
70. Rb1 e4 71. Rc1+ Kd6 72. Kb6 Rb8+ 73. Ka5 Rb2 74. a7 Ra2+ 75. Kb6 e3 76.
Rd1+ Ke5 77. Rd8 Ke4 78. a8=Q+ Rxa8 79. Rxa8 Kf3 80. Re8 1/2-1/2

[Event "2014 Over 1800"]
[Site "Edmonton"]
[Date "2014.08.31"]
[Round "5"]
[White "Pedersen, Rick"]
[Black "Miller, David"]
[Result "0-1"]
[WhiteElo "1854"]
[BlackElo "2261"]
[PlyCount "110"]
[EventDate "2014.08.30"]
[EventType "swiss"]
[EventRounds "5"]
[EventCountry "CAN"]
[SourceDate "2013.09.08"]

1. e4 c5 2. Nf3 d6 3. Nc3 Nf6 4. Bc4 e6 5. e5 dxe5 6. Nxe5 a6 7. a4 Bd6 8. Ng4
Nbd7 9. d3 Nxg4 10. Qxg4 Nf6 11. Qf3 h6 12. Bf4 O-O {The position is
approximately equal if White simply castles kingside.} 13. O-O-O $6 {Overly
ambitious as Black's attack should develop faster.} e5 $2 {Black intends to
trap the opponent's queen in the corner of the board but it doesn't work.} ({
Instead,} 13... Bxf4+ 14. Qxf4 b5 {looks promising.}) 14. Bg3 Bg4 15. Qxb7 Rb8
16. Qxa6 Bc8 $2 {Playing for a loss.} ({Objectively, Black should force a draw
by} 16... Ra8 17. Qc6 Rc8 18. Qb7 Rb8 {etc.}) ({After} 16... Bxd1 17. Rxd1 {
the material is equal but White has a large positional advantage.}) 17. Qa7 Rb7
18. Qa8 Qb6 19. a5 $2 (19. b3 Bg4 20. Qa6 {with a subsequent trade of queens
leads to White's large advantage.}) 19... Qxb2+ $2 ({After a very subtle} 19...
Qb4 $1 {the position becomes unclear.} {For example,} 20. Qa6 $2 Qxb2+ 21. Kd2
Rb3 $1 {and White is suddenly in trouble.}) 20. Kd2 Bg4 21. Qa6 Bxd1 22. Rxd1 {
Black's pieces are hanging, and he can't avoid material losses. He tries his
last trick.} Be7 23. Rb1 Ne4+ 24. dxe4 Bg5+ 25. Kd3 $2 {All of sudden, this
loses.} ({The only but sufficient move is} 25. f4 $3 {For example,} Rd8+ 26.
Bd5 exf4 27. h4 $1 fxg3+ 28. hxg5 {and wins.}) 25... Rd8+ 26. Bd5 Rxd5+ 27.
exd5 e4+ $1 {The point.} 28. Kxe4 Qxc2+ {The white king will not be able to
survive.} 29. Kf3 Qxc3+ 30. Kg4 Qd4+ 31. f4 h5+ 32. Kxg5 Qxd5+ 33. Kh4 Rxb1 34.
Qc8+ Kh7 35. a6 Qe6 {Black decides to take it easy.} (35... f6 36. a7 Ra1 {
wins faster.}) 36. Qxe6 fxe6 {and Black converted after 20 more moves.} 37. Bf2
c4 38. Bd4 Rb5 39. a7 Ra5 40. h3 Kg6 41. g4 hxg4 42. hxg4 Kf7 43. Kg3 g6 44.
Kf3 Ke7 45. Bb6 Ra6 46. Bc5+ Kd7 47. Ke4 Kc6 48. Be3 Kb5 49. f5 gxf5+ 50. gxf5
exf5+ 51. Kxf5 Kb4 52. Ke4 Kb3 53. Bf2 c3 54. Kd3 c2 55. Be3 Rxa7 0-1

[Event "2014 Under 1800"]
[Site "Edmonton"]
[Date "2014.08.30"]
[Round "1"]
[White "Koperski, Dustin"]
[Black "McLeod, Logan"]
[Result "1-0"]
[WhiteElo "1716"]
[BlackElo "1566"]
[PlyCount "88"]
[EventDate "2014.08.30"]
[EventType "swiss"]
[EventRounds "5"]
[EventCountry "CAN"]
[SourceDate "2013.09.08"]

1. e4 c5 2. d4 cxd4 3. c3 dxc3 4. Nxc3 Nc6 5. Nf3 d6 6. Bc4 e6 7. O-O Nf6 8.
Qe2 Be7 9. Rd1 Qc7 10. Nb5 Qb8 11. Bf4 e5 12. Bg5 a6 13. Nc3 b5 14. Bb3 O-O 15.
Rac1 Bb7 16. Nd5 Nxd5 17. exd5 $2 Bxg5 $2 18. dxc6 Bxc1 19. cxb7 Qxb7 20. Rxc1
Rac8 21. Rd1 Qe7 22. h3 Kh8 23. Qe3 Rc5 24. Nd4 Qf6 25. Nc2 a5 26. Qe4 Qe7 27.
Ne3 g6 {The position after 27 moves is yet another example of a pair of minor
pieces fighting against a rook and a couple of pawns.} 28. Nd5 {In this
particular case White's initiative outweighs a small material deficit.} Qb7 $2
{The queen should stay on the kingside.} (28... Qg5 $1 {is necessary when it's
not so easy for White to proceed.}) 29. Qh4 $1 {Now the black king is in
trouble.} f5 30. Nf6 (30. Ne7 Kg7 31. Rxd6 {is a good alternative.}) 30... Qg7
31. Rxd6 g5 $2 {Black must have counted on this resource but White refutes it
brilliantly.} (31... Rc7 {holds on for the time being.}) 32. Qh5 $1 Rxf6 33.
Rd8+ Rf8 34. Qe8 $3 {Excellent! Black is defenceless.} Rc1+ 35. Kh2 {And White
went on to win on move 44.} Rc4 36. Qxf8+ Qxf8 37. Rxf8+ Kg7 38. Bxc4 Kxf8 39.
Bxb5 Ke7 40. f3 f4 41. Kg1 Kd6 42. Kf2 Kd5 43. Ke2 e4 44. fxe4+ Kxe4 1-0

[Event "2014 Battle of Alberta"]
[Site "Red Deer"]
[Date "2014.09.13"]
[Round "1.3"]
[White "Pechenkin, Vladimir"]
[Black "Ng, Gary"]
[Result "1-0"]
[WhiteElo "2386"]
[BlackElo "2252"]
[PlyCount "79"]
[EventDate "2014.09.13"]
[EventType "team"]
[EventRounds "2"]
[EventCountry "CAN"]
[SourceDate "2013.09.08"]
[WhiteTeam "North"]
[BlackTeam "South"]
[WhiteTeamCountry "CAN"]
[BlackTeamCountry "CAN"]

1. c4 c6 2. g3 d5 3. Nf3 Nf6 4. Bg2 g6 5. b3 Bg7 6. Bb2 O-O 7. O-O Nbd7 8. Qc2
Re8 9. Nc3 dxc4 10. bxc4 e5 11. d3 Nc5 12. Rfd1 Qc7 13. Ng5 Bf5 14. Rab1 Rad8
15. Na4 Nfd7 16. Bc3 h6 17. Nxc5 Nxc5 18. Ne4 Bxe4 19. Bxe4 f5 $6 {Black is
tempted by his kingside attack prospects as well as by a strong outpost for
the knight. However, White's bishop pair will soon prove to be the most
significant positional factor.} ({Correct is} 19... Nxe4 20. dxe4 {when the
game is completely equal.}) 20. Bg2 Qf7 21. Bb4 {The knight is about to be
dislodged.} Bf8 22. Qb2 $1 Rd7 {Gary regarded this move as a mistake but it is
the computer's top choice. The b7-pawn must be protected.} 23. Qa3 Na6 $2 {Now
White quickly obtains a decisive advantage.} ({Black is going to lose a pawn
anyway, so he should minimize the damage by playing} 23... Ne6 $1 {White is
better after} 24. Qxa7 Bxb4 25. Rxb4 Qe7 26. Rdb1 Nc5 {but Black is very much
in the game. Most importantly, his pawn structure remains intact.}) 24. Bxc6 $1
{The only but sufficient move that must be precisely calculated.} bxc6 (24...
Nxb4 {looks scary at first but after} 25. Bxd7 Qxd7 26. Rxb4 {Black can't take
advantage of the pin.} {Relatively best here is} Bxb4 27. Qxb4 {with a healthy
extra pawn for White.}) 25. Qxa6 Re6 26. Bxf8 Qxf8 27. Rb7 {Black's kingside
attack remains but a dream as White's play along the b-file is too strong.}
Rxb7 28. Qxb7 Qc5 29. Qc8+ Kf7 30. Rb1 f4 31. Rb7+ Kf6 32. Qd8+ ({The computer
shows that} 32. Qh8+ Kg5 33. Qd8+ Rf6 34. h4+ Kf5 35. Qc8+ Re6 36. Rf7+ {wins
faster but the game continuation is simpler.}) 32... Re7 33. Qxe7+ Qxe7 34.
Rxe7 Kxe7 35. Kg2 Kd6 {If Black waits passively, White is going to create a
passed pawn in the center that will decide the game.} 36. Kf3 fxg3 37. fxg3 Kc5
38. Ke4 Kb4 {Desperation.} 39. Kxe5 Ka3 40. d4 1-0

[Event "2014 Battle of Alberta"]
[Site "Red Deer"]
[Date "2014.09.13"]
[Round "1.12"]
[White "Karmali, Hafiz"]
[Black "Ottosen, David"]
[Result "0-1"]
[WhiteElo "2039"]
[BlackElo "2128"]
[PlyCount "62"]
[EventDate "2014.09.13"]
[EventType "team"]
[EventRounds "2"]
[EventCountry "CAN"]
[SourceDate "2013.09.08"]
[WhiteTeam "South"]
[BlackTeam "North"]
[WhiteTeamCountry "CAN"]
[BlackTeamCountry "CAN"]

1. d4 d5 2. c4 c6 3. Nc3 e6 4. e4 {White offers a theoretical duel in a very
sharp Marshall gambit.} dxe4 5. Nxe4 Bb4+ 6. Nc3 {but then changes his mind.} (
{The main line of the gambit is} 6. Bd2 Qxd4 7. Bxb4 Qxe4+ 8. Be2 {White's
compensation for the sacrificed pawn looks more than sufficient but quite a
few Black players have been up to the challenge to prove otherwise.}) 6... c5
7. Be3 cxd4 8. Bxd4 ({With the benefit of hindsight, White should prefer} 8.
Qxd4 $5 {going for an endgame.}) 8... Nf6 9. a3 Be7 10. Nf3 Nc6 11. Be3 O-O {
Black has equalized but White shouldn't have any problems either.} 12. Qc2 {
This natural move appears to be the root of all evil.} ({It was well worth
spending a tempo on} 12. h3 $5) 12... Ng4 $1 {Black begins a fierce fight for
the initiative. His following play is almost exemplary.} 13. Bf4 e5 $1 {Time
is at a premium!} (13... Qa5 {was played in Raicevic - Ciric, 1979. This
allowed White to castle before being demolished.}) 14. Bg3 f5 {Aggressive
enough although there is an even more energetic (computer) alternative
available.} (14... e4 $3 {denies White any time to consolidate.} {A plausible
continuation is} 15. Nxe4 Bf5 16. Bd3 Qa5+ 17. Kf1 Nb4 18. Qc3 Rfd8 {White
remains under tremendous pressure.}) 15. Rd1 Qe8 $1 16. h3 Nd4 $1 17. Nxd4 exd4
18. Ne2 Nf6 19. Rxd4 {After this fearless capture of the poisoned pawn Black's
attack becomes irresistible.} ({White should try to dig in:} 19. f3 Nh5 20. Bf2
{etc.}) 19... Bc5 20. Rd1 Ne4 21. Qd3 f4 {The white king is hopelessly stuck
in the center and is going to be ruthlessly executed.} 22. Bh4 Bf5 23. Qd5+ Kh8
24. f3 Qh5 25. fxe4 Qxh4+ 26. g3 fxg3 27. Bg2 Bf2+ 28. Kf1 Bg6 29. Qxb7 Rab8
30. Qc6 Rxb2 31. e5 Bh5 {A fantastic game by David Ottosen.} 0-1

[Event "2014 Battle of Alberta"]
[Site "Red Deer"]
[Date "2014.09.13"]
[Round "2.7"]
[White "Shi, Diwen"]
[Black "Gardner, Robert"]
[Result "1-0"]
[WhiteElo "2194"]
[BlackElo "2225"]
[PlyCount "27"]
[EventDate "2014.09.13"]
[EventType "team"]
[EventRounds "2"]
[EventCountry "CAN"]
[SourceDate "2013.09.08"]
[WhiteTeam "South"]
[BlackTeam "North"]
[WhiteTeamCountry "CAN"]
[BlackTeamCountry "CAN"]

1. e4 d6 2. d4 Nf6 3. Nc3 g6 4. Bg5 Bg7 5. Qd2 O-O 6. O-O-O c5 $2 {This pawn
sacrifice looks dubious at best and has been tried only once so far.} 7. dxc5
Qa5 8. cxd6 Nxe4 $2 {The piece sacrifice is unsound, which White proves very
quickly.} ({Fercec - Bosnjak, 2010, continued} 8... exd6 9. Bc4 Nc6 10. Nf3 Bg4
11. Bh6 {with a large advantage for White although Black somehow managed to
win the game.}) 9. Nxe4 Qxa2 10. Qb4 $1 {After this precise response Black's
attack is over. In the meantime, he is down a lot of material.} Bf5 {Black's
desperate attempts do not change anything.} ({If} 10... Nc6 {then} 11. Qa3 {
and wins.}) 11. dxe7 Nc6 12. Qa3 Qe6 13. exf8=Q+ Bxf8 14. Nf6+ 1-0